| 000 | 00499nam a22001691 4500 | ||
|---|---|---|---|
| 040 | _cDLC | ||
| 082 | _a591 WIL 1951 A106 Or. | ||
| 100 | 1 | _aHesse, Richard, | |
| 245 | 1 | 0 |
_aEcological animal geography. _bAn authorized ed., rewritten and rev.; based on Tiergeographie auf oekologischer Grundlage, |
| 250 | _a2d ed. | ||
| 260 |
_aNew York, _bWiley _c[1951] |
||
| 300 |
_axiii, 715 p. _billus. _c24 cm |
||
| 650 | 0 | _aZoogeography | |
| 650 | 0 | _aAnimal ecology | |
| 700 | 1 | _aAllee, W. C. | |
| 942 | _cEK | ||
| 999 |
_c17017 _d17017 |
||